Statistiques concernant Les nationalités des Marques

Cliquez ici pour prendre le quiz!

Statistiques générales

  • Ce quiz a été pris 425 fois
  • Le résultat moyen est 12 sur 15

Statistiques - réponses

MarqueNationalité% Correct
BMWAllemagne
98%
SuzukiJapon
98%
PepsiUSA
98%
BarillaItalie
93%
GazpromRussie
93%
ZaraEspagne
90%
MilkaSuisse
90%
SamsungCorée du Sud
89%
LenovoChine
88%
Bigben InteractiveFrance
86%
MiniUK
86%
Lego GroupDanemark
71%
Absolut VodkaSuède
68%
RoadsignAustralie
58%
AsusTaïwan
31%

Distribution des résultats

Percentile par nombre de réponses

% des personnes avec chaque résultat

Votre développement - résultats

Vous n’avez pas pris ce quiz